Central Library OPAC University of Rajshahi

Growing pastures in the South / (Record no. 68428)

MARC details
000 -LEADER
fixed length control field 00833nam a2200253 a 4500
001 - CONTROL NUMBER
control field 68428
003 - CONTROL NUMBER IDENTIFIER
rucl marc code BD-RjUL
005 - DATE AND TIME OF LATEST TRANSACTION
control field 20211209081755.0
008 - FIXED-LENGTH DATA ELEMENTS--GENERAL INFORMATION
fixed length control field 170403r19481947ncua 001 0 eng d
035 ## - SYSTEM CONTROL NUMBER
System control number (BD-RjUL)68638
040 ## - CATALOGING SOURCE
Original cataloging agency DLC
Transcribing agency FMU
Modifying agency OCoLC
-- DLC
-- (BD-RjUL)
Language of cataloging eng
041 ## - LANGUAGE CODE
Language code of text/sound track or separate title eng
082 ## - DEWEY DECIMAL CLASSIFICATION NUMBER
Edition number 23
Classification number 633
Author mark and year COG 1948
100 1# - MAIN ENTRY--PERSONAL NAME
Personal name Combs, Joseph F.
Fuller form of name (Joseph Franklin),
Dates associated with a name 1892-
9 (RLIN) 202866
245 10 - TITLE STATEMENT
Title Growing pastures in the South /
Statement of responsibility, etc. by Joseph F. Combs.
260 ## - PUBLICATION, DISTRIBUTION, ETC. (IMPRINT)
Place of publication, distribution, etc. Chapel Hill :
Name of publisher, distributor, etc. The University of North Carolina press,
Date of publication, distribution, etc. 1948
300 ## - PHYSICAL DESCRIPTION
Pagination ix, 270 p. :
Illustrations ill. ;
Size 21 cm.
500 ## - GENERAL NOTE
General note "References" at end of each chapter except the last two.
650 #0 - SUBJECT ADDED ENTRY--TOPICAL TERM
Topical term or geographic name as entry element Forage plants
9 (RLIN) 202867
Topical term or geographic name as entry element Grasses.
9 (RLIN) 201736
Topical term or geographic name as entry element Forage plants.
9 (RLIN) 201938
Topical term or geographic name as entry element Agriculture
Geographic subdivision Southern States.
9 (RLIN) 202868
942 ## - ADDED ENTRY ELEMENTS (KOHA)
Source of classification or shelving scheme Dewey Decimal Classification
Koha item type Books
Holdings
Lost status Source of classification or shelving scheme Damaged status Not for loan Collection code Permanent Location Current Location Shelving location Date acquired Source of acquisition Total Checkouts Full call number Date last seen Copy number Koha item type
  Dewey Decimal Classification   Not For Loan Non-fiction Central Library, University of Rajshahi Central Library, University of Rajshahi Reading Room 09/12/2021 Asia Foudation   633 COG 1948 03/04/2017 C-1 Books